000 01260nam a2200313 a 4500
001 ebr10439461
003 CaPaEBR
006 m u
007 cr cn|||||||||
008 110128s2009 enka sb 000 0 eng d
020 _z9781849280006
020 _z9781849280013 (e-book)
040 _aCaPaEBR
_cCaPaEBR
035 _a(OCoLC)645757632
043 _ae------
050 1 4 _aTD799.85
_b.C35 2009eb
100 1 _aCalder, Alan.
245 1 0 _aCompliance for green IT
_h[electronic resource] :
_ba pocket guide /
_cAlan Calder.
260 _aEly, U.K. :
_bIT Governance Pub.,
_c2009.
300 _a72 p. :
_bill.
504 _aIncludes bibliographical references.
533 _aElectronic reproduction.
_bPalo Alto, Calif. :
_cebrary,
_d2011.
_nAvailable via World Wide Web.
_nAccess may be limited to ebrary affiliated libraries.
650 0 _aElectronic waste
_xLaw and legislation
_zEuropean Union countries.
650 0 _aElectronic waste
_xRecycling
_zEuropean Union countries.
650 0 _aCarbon offsetting
_zEuropean Union countries.
655 7 _aElectronic books.
_2local
710 2 _aebrary, Inc.
856 4 0 _uhttp://site.ebrary.com/lib/rucke/Doc?id=10439461
_zAn electronic book accessible through the World Wide Web; click to view
999 _c243940
_d243940